| 000 | 01210cam a22003015a 4500 | ||
|---|---|---|---|
| 001 | 1051105 | ||
| 005 | 20150713104516.0 | ||
| 008 | 900125s1990 ohua frb 001 0 eng d | ||
| 020 | _a0871703777 (v. 1) | ||
| 040 |
_aDLC _beng _cDLC _dDLC _dEG-ScBUE |
||
| 082 | 0 | 4 |
_a620.16 _bMET _222 |
| 245 | 0 | 0 |
_aMetals handbook / _cprepared under the direction of the ASM International Handbook Committee ; edited by Josegh R. Davis ... [et al.] |
| 250 | _a10th ed. | ||
| 260 |
_a[Meterials Park] : _bASM International, _c1990. |
||
| 300 |
_av. 1 : _bill. ; _c28 cm. |
||
| 500 | _aIndex : p. 1043-1063. | ||
| 500 | _aIncludes abbreviations, symbols and trade names. | ||
| 500 | _aDuring the 12 years it took to complete the 17 volumes of the 9th edition. The volume 1 of the 9th edition in 1978. | ||
| 504 | _aIncludes bibliographical references. | ||
| 505 | 1 | _av. 1. Properties and selection : irons, steels, and high-performance alloys. | |
| 650 | 0 |
_aMetals _vHandbooks, manuals, etc. _2BUEsh |
|
| 651 | _2BUEsh | ||
| 653 |
_bENGGEN _cJuly2015 |
||
| 655 |
_vreading book _934232 |
||
| 700 | 1 |
_a Davis, Josegh R, _eeditor. |
|
| 710 | 2 |
_aASM International. _bHandbook Committee. _938230 |
|
| 942 |
_2ddc _k620.16 MET |
||
| 999 |
_c20255 _d20227 |
||